A colonial economy in the Great Depression, Madras (1929-1937) / (Record no. 27007)
[ view plain ]
| 000 -LEADER | |
|---|---|
| fixed length control field | 01345cam a2200313 a 4500 |
| 003 - CONTROL NUMBER IDENTIFIER | |
| control field | CUTN |
| 005 - DATE AND TIME OF LATEST TRANSACTION | |
| control field | 20190215152634.0 |
| 008 - FIXED-LENGTH DATA ELEMENTS--GENERAL INFORMATION | |
| fixed length control field | 030723s2003 ii b 001 0 eng |
| 020 ## - INTERNATIONAL STANDARD BOOK NUMBER | |
| International Standard Book Number | 8125024565 |
| 020 ## - INTERNATIONAL STANDARD BOOK NUMBER | |
| International Standard Book Number | 9788125024569 |
| 041 ## - LANGUAGE CODE | |
| Language | English |
| 082 ## - DEWEY DECIMAL CLASSIFICATION NUMBER | |
| Classification number | 338.542 |
| Item number | MAN |
| 100 1# - MAIN ENTRY--PERSONAL NAME | |
| Personal name | Manikumar, K. A. |
| 245 12 - TITLE STATEMENT | |
| Title | A colonial economy in the Great Depression, Madras (1929-1937) / |
| Statement of responsibility, etc | K.A. Manikumar. |
| 260 ## - PUBLICATION, DISTRIBUTION, ETC. (IMPRINT) | |
| Place of publication, distribution, etc | Chennai : |
| Name of publisher, distributor, etc | Orient Longman, |
| Date of publication, distribution, etc | c2003. |
| 300 ## - PHYSICAL DESCRIPTION | |
| Extent | xii, 226 p. ; |
| Dimensions | 22 cm. |
| 500 ## - GENERAL NOTE | |
| General note | Originally presented as the author's thesis (Ph. D.--University of Madras, 1989). |
| 505 ## - FORMATTED CONTENTS NOTE | |
| Title | The Depression and Its Onset |
| -- | Tamilnadu on the Eve of the Depression |
| -- | Agriculture |
| -- | Industry |
| -- | Fiscal and Monetary Policy of the Colonial State |
| -- | The Government's Remedial Measures |
| -- | Society and Politics |
| 520 ## - SUMMARY, ETC. | |
| Summary, etc | On the impact of the Great Depression, 1929 on the economic condition of Madras Presidency. |
| 650 #0 - SUBJECT ADDED ENTRY--TOPICAL TERM | |
| Topical term or geographic name as entry element | Depressions |
| 650 #0 - SUBJECT ADDED ENTRY--TOPICAL TERM | |
| Topical term or geographic name as entry element | India--Madras (Presidency) |
| 650 #0 - SUBJECT ADDED ENTRY--TOPICAL TERM | |
| Topical term or geographic name as entry element | India--Tamil Nadu - Economic history |
| 942 ## - ADDED ENTRY ELEMENTS (KOHA) | |
| Source of classification or shelving scheme | Dewey Decimal Classification |
| Koha item type | General Books |
| 504 ## - BIBLIOGRAPHY, ETC. NOTE | |
| Bibliography, etc | Includes bibliographical references (p. 211-221) and index. |
| 650 #0 - SUBJECT ADDED ENTRY--TOPICAL TERM | |
| Chronological subdivision | 1929 |
| Geographic subdivision | India |
| -- | Madras (Presidency) |
| 651 #0 - SUBJECT ADDED ENTRY--GEOGRAPHIC NAME | |
| Geographic name | Madras (India : Presidency) |
| General subdivision | Economic conditions. |
| 906 ## - LOCAL DATA ELEMENT F, LDF (RLIN) | |
| a | 7 |
| b | cbc |
| c | origode |
| d | 3 |
| e | ncip |
| f | 20 |
| g | y-gencatlg |
| Withdrawn status | Lost status | Source of classification or shelving scheme | Damaged status | Not for loan | Collection code | Home library | Location | Shelving location | Date of Cataloging | Source of acquisition | Total Checkouts | Total Renewals | Full call number | Barcode | Date last seen | Date checked out | Price effective from | Koha item type | Public note |
|---|---|---|---|---|---|---|---|---|---|---|---|---|---|---|---|---|---|---|---|
| Dewey Decimal Classification | Non-fiction | CUTN Central Library | CUTN Central Library | Social Sciences | 15/02/2019 | Central University of Kerala and Others | 2 | 2 | 338.542 MAN | 36468 | 05/04/2022 | 02/04/2022 | 15/02/2019 | General Books | Gifted / Donated Books |
